[Event "ch-IND"]
[Site "Mumbai IND"]
[Date "2003.01.19"]
[Round "3"]
[White "Sasikiran,K"]
[Black "Sundararajan,K"]
[Result "1/2-1/2"]
[WhiteElo "2664"]
[BlackElo "2416"]

1.e4 c6 2.d4 d5 3.Nd2 dxe4 4.Nxe4 Bf5 5.Nc5 b6 6.Nb3 Nf6 7.Nf3 e6 8.g3 Nbd7
9.Bg2 Rc8 10.O-O Bd6 11.c4 O-O 12.Be3 c5 13.Qe2 Be4 14.Rfd1 Qe7 15.Bg5 Bb7
16.Ne5 Bxg2 17.Kxg2 cxd4 18.Nxd7 Qxd7 19.Nxd4 Qb7+ 20.f3 Bc5 21.Nb5 Rfd8
22.Rxd8+ Rxd8 23.Rd1 Rd7 24.Rxd7 Qxd7 25.Qd2 a6 26.Qxd7 Nxd7 27.Nc7 a5 28.Bd2 Ne5
29.b3 Nc6 30.Nb5  1/2-1/2

[Event "ch-IND"]
[Site "Mumbai IND"]
[Date "2003.01.21"]
[Round "6"]
[White "Sasikiran,K"]
[Black "Bakre,T"]
[Result "1-0"]
[WhiteElo "2664"]
[BlackElo "2464"]

1.e4 c5 2.d3 Nc6 3.g3 d5 4.Nd2 e6 5.Bg2 Nge7 6.Ngf3 g6 7.O-O Bg7 8.Re1 Qc7
9.exd5 exd5 10.d4 cxd4 11.Nb3 Bg4 12.Bf4 Qd8 13.h3 Bxf3 14.Qxf3 O-O 15.Rad1 h6
16.h4 b6 17.Bh3 a5 18.Nc1 Ra7 19.a3 a4 20.Nd3 Na5 21.Be5 Nac6 22.Bxg7 Kxg7
23.Qf4 Qc7 24.Qd2 Qd6 25.Re2 Qf6 26.Rde1 Rd8 27.Nf4 Rd6 28.Qd3 Ra5 29.Bg2 Kg8
30.Qf3 Rb5 31.b4 axb3 32.cxb3 Ra5 33.b4 Ra7 34.b5 Na5 35.Kh2 Kg7 36.Qg4 Kh7
37.h5 g5 38.Rxe7 Rxe7 39.Nxd5 Rxd5 40.Rxe7 Qxe7 41.Bxd5 Qf6 42.Qe4+ Kg7 43.Kg2 Kf8
44.a4 Kg7 45.Kf1 Kf8 46.Ke2 Kg8 47.Qg6+  1-0

[Event "ch-IND"]
[Site "Mumbai IND"]
[Date "2003.01.24"]
[Round "10"]
[White "Sasikiran,K"]
[Black "Saravanan,V"]
[Result "1-0"]
[WhiteElo "2664"]
[BlackElo "2357"]

1.d4 Nf6 2.c4 g6 3.Nc3 Bg7 4.e4 d6 5.Nf3 O-O 6.Be2 e5 7.O-O Nc6 8.d5 Ne7
9.b4 Nh5 10.Re1 Nf4 11.Bf1 a5 12.bxa5 c5 13.a4 Rxa5 14.Ra3 Ra6 15.Nb5 Bd7
16.Bb2 Qc8 17.Kh1 h5 18.g3 Nh3 19.Bxh3 Bxh3 20.Ng5 Bh6 21.Nxh3 Qxh3 22.f4 exf4
23.Bc1 f3 24.Qxf3 Bxc1 25.Rxc1 f5 26.e5 dxe5 27.d6 Nc6 28.Qd5+ Kh7 29.Nc7 Rb6
30.Ne6 Kh8 31.Qd2  1-0

[Event "ch-IND"]
[Site "Mumbai IND"]
[Date "2003.01.24"]
[Round "11"]
[White "Kunte,A"]
[Black "Sasikiran,K"]
[Result "1/2-1/2"]
[WhiteElo "2507"]
[BlackElo "2664"]

1.Nf3 Nf6 2.g3 d5 3.Bg2 c6 4.O-O Bg4 5.d3 Nbd7 6.Nbd2 e5 7.h3 Bh5 8.e4 Bd6
9.Qe1 O-O 10.b3 Re8 11.Bb2  1/2-1/2

[Event "ch-IND"]
[Site "Mumbai IND"]
[Date "2003.01.26"]
[Round "13"]
[White "Roy Chowdhury,S"]
[Black "Sasikiran,K"]
[Result "1/2-1/2"]
[WhiteElo "2395"]
[BlackElo "2664"]

1.e4 c6 2.d4 d5 3.Nc3 dxe4 4.Nxe4 Nd7 5.Bd3 Ngf6 6.Ng3 e6 7.Nf3 c5 8.O-O Be7
9.c3 O-O 10.Bg5 b6 11.Ne5 Bb7  1/2-1/2

[Event "ch-IND"]
[Site "Mumbai IND"]
[Date "2003.01.26"]
[Round "14"]
[White "Sasikiran,K"]
[Black "Neelotpal,D"]
[Result "1-0"]
[WhiteElo "2664"]
[BlackElo "2406"]

1.Nf3 Nf6 2.c4 c6 3.d4 d5 4.e3 Bg4 5.h3 Bxf3 6.Qxf3 e6 7.Nc3 Nbd7 8.Bd3 Bb4
9.O-O O-O 10.Qd1 Qe7 11.Bd2 dxc4 12.Bxc4 e5 13.Qb3 Rab8 14.Rfe1 Ba5 15.Rad1 Bc7
16.dxe5 Qxe5 17.f4 Qh5 18.Bc1 Qg6 19.Bd3 Qh5 20.Qc2 Nc5 21.Bf1 Rfe8 22.b4 Nce4
23.Nxe4 Rxe4 24.g4 Qg6 25.Bd3 Rbe8 26.Bxe4 Rxe4 27.Rd4 Rxe3 28.Qxg6 Rxe1+
29.Kf2 hxg6 30.Kxe1 a5 31.bxa5 Bxa5+ 32.Bd2 Bc7 33.Ra4 Nd5 34.Ke2 Kf8 35.Kf3 Ke7
36.Bb4+ Ke8 37.Ba3 b6 38.Re4+ Kd7 39.Bf8 f5 40.Rd4 fxg4+ 41.hxg4 g5 42.fxg5 g6
43.Bg7 b5 44.Rd1 b4 45.Bf8 Ke6 46.Rd4 Nc3 47.Rc4 Nxa2 48.Rxc6+ Kd7 49.Rxg6 Be5
50.Rb6  1-0

[Event "ch-IND"]
[Site "Mumbai IND"]
[Date "2003.01.28"]
[Round "16"]
[White "Sasikiran,K"]
[Black "Ganguly,S"]
[Result "1-0"]
[WhiteElo "2664"]
[BlackElo "2556"]

1.Nf3 d5 2.d4 Nf6 3.c4 dxc4 4.e3 e6 5.Bxc4 c5 6.O-O a6 7.Bb3 b5 8.a4 b4 9.Nbd2 Bb7
10.e4 Be7 11.e5 Nfd7 12.Nc4 O-O 13.Bc2 cxd4 14.Bf4 Bd5 15.Qxd4 b3 16.Bxb3 Nc6
17.Qe3 Nc5 18.Rfd1 Qb8 19.Ba2 Nb4 20.Nd6 Nxa2 21.Qxc5 Qxb2 22.Bd2 Rab8 23.Qa7 Bd8
24.a5 Rb3 25.Qxa6 Rxf3 26.gxf3 Qxe5 27.Ne4 Bc7 28.Ng3 Bxf3 29.Qc4 Bd5 30.Qc2 h5
31.Rxa2 h4 32.Bc3 Qg5 33.Rxd5 exd5 34.Bd2 Qe7 35.Nf1 Qd7 36.Qa4 Qe7 37.Qg4 f5
38.Qf3 Rf6 39.Ne3 d4 40.Nd5 Rg6+ 41.Kf1 Qc5 42.Qb3 Kh7 43.Rc2 Qd6 44.Rxc7 Qxh2
45.Qf3 Qg1+ 46.Ke2 Re6+ 47.Be3 Qg4 48.Nf6+ Rxf6 49.Qxg4 d3+ 50.Kxd3 fxg4
51.Bd4 Rg6 52.Rxg7+  1-0

[Event "ch-IND"]
[Site "Mumbai IND"]
[Date "2003.01.28"]
[Round "17"]
[White "Ravi,L"]
[Black "Sasikiran,K"]
[Result "0-1"]
[WhiteElo "2419"]
[BlackElo "2664"]

1.d4 d5 2.c4 c6 3.Nc3 Nf6 4.Nf3 dxc4 5.a4 Bf5 6.Nh4 Bc8 7.Nf3 Bg4 8.Ne5 Bh5
9.h3 Nbd7 10.g4 Bg6 11.Nxg6 hxg6 12.e3 e6 13.Bxc4 Bb4 14.Bf1 Qa5 15.Bd2 Nb6
16.Bg2 Nc4 17.O-O Nxd2 18.Qxd2 O-O 19.Qc2 Rfd8 20.Ne4 Nd5 21.g5 Rac8 22.h4 c5
23.dxc5 Bxc5 24.Qe2 Be7 25.Bf3 Qb4 26.Qb5 Rc4 27.Rfc1 Rxe4 28.Bxe4 Qxe4 29.Rc4 Qe5
30.Qxb7 Bd6 31.Kf1 Kh7 32.h5 Qf5 33.e4 Qh3+ 34.Ke1 Qh1+ 35.Kd2 Qxa1 36.exd5 Rb8
37.Qxf7 Rxb2+ 38.Rc2 Bb4+ 39.Ke3 Rb3+ 40.Ke2 Qe1+  0-1

[Event "ch-IND"]
[Site "Mumbai IND"]
[Date "2003.01.29"]
[Round "18"]
[White "Sasikiran,K"]
[Black "Barua,D"]
[Result "1/2-1/2"]
[WhiteElo "2664"]
[BlackElo "2541"]

1.d4 d5 2.c4 e6 3.Nf3 Nf6 4.g3 c6 5.Bg2 Nbd7 6.b3 Bb4+ 7.Bd2 Be7 8.O-O O-O
9.Qc2 b6 10.Rd1 Ba6 11.Bf4 Rc8 12.Nc3 Nh5 13.Bc1 f5 14.a4 Bb4 15.a5 bxa5
16.c5 Nhf6 17.Na2 Bb5 18.Nxb4 axb4 19.Rxa7 Ra8 20.Rxa8 Qxa8 21.Bb2 Qb7 22.Ng5 Re8
23.Qd2 Ne4 24.Nxe4 dxe4 25.f3 Nf6 26.fxe4 fxe4 27.Rf1 Rf8 28.Qe3 Qd7 29.Bxe4 Nxe4
30.Rxf8+ Kxf8 31.Qxe4 Qd5 32.Qe3 Qh5 33.Qf4+ Qf5 34.Kf2 Ke8 35.Qxf5 exf5
36.Bc1 Kf7 37.Bd2 Ke6 38.Bxb4 Kd5 39.Ke3 g5 40.Bc3 h5 41.h3 Ba6 42.b4 f4+
43.gxf4 gxf4+ 44.Kf3 Kc4 45.Bd2 Kxd4 46.h4 Bc4 47.Bxf4 Bd5+ 48.Kg3 Kc3 49.Bd6 Kxb4
50.Kf4 Be6 51.Ke5 Bg4 52.e4 Kc4 53.Be7 Bf3 54.Kf5 Kd4 55.e5  1/2-1/2

[Event "ch-IND"]
[Site "Mumbai IND"]
[Date "2003.01.30"]
[Round "20"]
[White "Sasikiran,K"]
[Black "Suvrajit,S"]
[Result "0-1"]
[WhiteElo "2664"]
[BlackElo "2390"]

1.Nf3 d5 2.d4 c6 3.c4 Nf6 4.e3 e6 5.b3 Nbd7 6.Bd3 Bd6 7.Bb2 O-O 8.O-O Ne4
9.Nbd2 f5 10.Ne5 Nxd2 11.Qxd2 Nxe5 12.dxe5 Be7 13.Qc2 Bd7 14.c5 Qe8 15.Bd4 Qh5
16.f4 Rf7 17.Rf3 g5 18.Rh3 Qg6 19.fxg5 Rg7 20.Rf1 Rf8 21.Rff3 Bxg5 22.g4 h5
23.Rhg3 hxg4 24.Rf1 Bh4 25.Rg2 Qh6 26.Qd2 Rff7 27.Kh1 g3 28.Rf3 Rg4 29.Rf4 Rfg7
30.Rxg4 Rxg4 31.Be2 Rg7 32.Bf3 Be8 33.Qe2 gxh2 34.Rxh2 Qg5 35.Qg2 Bg3 36.Rh3 Rh7
37.Rxh7 Kxh7 38.Qh3+ Kg7 39.a3 Bg6 40.b4 Bf2 41.Qg2 Qh6+ 42.Qh2 Bxe3 43.Qxh6+ Bxh6
44.a4 Bd2 45.b5 f4 46.Be2 Be3 47.b6 axb6 48.Bxe3 Be4+ 49.Kg1 fxe3 50.cxb6 d4
51.a5 d3 52.Bg4 c5 53.Bxe6 d2 54.Bg4 Bd3  0-1

[Event "Asian Teams"]
[Site "Jodhpur IND"]
[Date "2003.04.15"]
[Round "9"]
[White "Kakageldyev,A"]
[Black "Sasikiran,K"]
[Result "0-1"]
[WhiteElo "2461"]
[BlackElo "2658"]

1.d4 Nf6 2.c4 g6 3.Nc3 d5 4.Bf4 Bg7 5.e3 O-O 6.Rc1 dxc4 7.Bxc4 c5 8.dxc5 Qa5
9.Ne2 Qxc5 10.Bb3 Qa5 11.O-O Na6 12.Qe1 Rd8 13.Rd1 Rxd1 14.Qxd1 Nc5 15.Bc2 Be6
16.Qb1 Ncd7 17.Rd1 Rc8 18.h3 b5 19.a3 Bc4 20.e4 Nb6 21.Bd2 Qa6 22.Nf4 Nfd7
23.Ncd5 Bxd5 24.Nxd5 Nxd5 25.exd5 Nc5 26.Be3 Bf6 27.Rd2 Kg7 28.Bd1 Na4 29.Bg4 Rd8
30.Bf3 Nb6 31.Bxb6 Qxb6 32.Qd3 a5 33.g3 b4 34.Qb3 Rc8 35.Kg2 Rc1 36.axb4 axb4
37.Qd3 Be5 38.Re2 Bf6 39.Rd2 Qd6 40.Rc2 Ra1 41.Rd2 Be5 42.Re2 Qf6 43.Qc4 Bd6
44.Qe4 Ra2 45.Qc2 Ra1 46.Qe4 Rc1 47.Rd2 h6 48.h4 h5 49.Re2 Ra1 50.Rd2 Ra2
51.Qc2 Qe5 52.Re2 Qd4 53.Rd2 b3 54.Rxd4 bxc2 55.Rc4 Rxb2 56.Be4 Rb4 57.Bf3 Rb2
58.Be4 Rb4  0-1

[Event "Commonwealth Ch"]
[Site "Mumbai IND"]
[Date "2003.04.27"]
[Round "10"]
[White "Sasikiran,K"]
[Black "Dzhumaev,M"]
[Result "1-0"]
[WhiteElo "2658"]
[BlackElo "2495"]

1.d4 f5 2.g3 Nf6 3.Bg2 g6 4.Nf3 Bg7 5.O-O O-O 6.b3 d6 7.Bb2 Qe8 8.c4 c6 9.Nbd2 h6
10.Qc2 g5 11.e3 Na6 12.a3 Nc7 13.b4 Bd7 14.a4 a6 15.Rab1 Qf7 16.Ba3 b5 17.Rbc1 bxc4
18.Nxc4 Ncd5 19.Na5 Rfc8 20.Ne1 Rab8 21.Nd3 h5 22.Qe2 h4 23.Rc2 hxg3 24.hxg3 Rc7
25.Rfc1 Rbc8 26.Bb2 Qg6 27.Nc4 Qh7 28.a5 Ng4 29.Nb6 Qh2+ 30.Kf1 Nxb6 31.axb6 Rb7
32.d5 c5 33.bxc5 Bb5 34.Bxg7 Kxg7 35.Rb2 Rxb6 36.cxb6 Rxc1+ 37.Nxc1 Bxe2+
38.Nxe2 f4 39.exf4 gxf4 40.Nxf4 e5 41.b7  1-0

[Event "25th Politiken Cup"]
[Site "Copenhagen DEN"]
[Date "2003.07.15"]
[Round "2"]
[White "Petersen,PB"]
[Black "Sasikiran,K"]
[Result "0-1"]
[WhiteElo "2221"]
[BlackElo "2654"]

1.e4 c5 2.Nf3 d6 3.d4 cxd4 4.Nxd4 Nf6 5.Nc3 a6 6.f4 Qc7 7.Bd3 g6 8.O-O Bg7
9.Kh1 Nbd7 10.Nf3 b5 11.Qe1 Bb7 12.Bd2 b4 13.Nd1 Nc5 14.Nf2 a5 15.Bb5+ Bc6
16.Bxc6+ Qxc6 17.e5 Nfe4 18.a3 Nxd2 19.Qxd2 bxa3 20.Rxa3 a4 21.b4 Ne6 22.Nd3 O-O
23.f5 Nc7 24.c4 dxe5 25.Ndxe5 Qd6 26.Rd3 Qa6 27.b5 Nxb5 28.cxb5 Qxb5 29.Nd7 Rfc8
30.fxg6 hxg6 31.Qe3 Rc3 32.Qe4 Ra3 33.Nde5 Rxd3 34.Nxd3 a3 35.Nd4 Qc4 36.Ne5 Qxf1+  0-1

[Event "25th Politiken Cup"]
[Site "Copenhagen DEN"]
[Date "2003.07.20"]
[Round "7"]
[White "Sasikiran,K"]
[Black "Skytte,R"]
[Result "1-0"]
[WhiteElo "2654"]
[BlackElo "2404"]

1.Nf3 g6 2.d4 Bg7 3.c3 f5 4.Qb3 Nf6 5.Bg5 c6 6.Nbd2 d5 7.e3 Nbd7 8.Be2 O-O
9.c4 e6 10.O-O h6 11.Bh4 Qb6 12.Qc2 Ne4 13.Be7 Re8 14.Ba3 Qd8 15.Rad1 Qf6
16.Nxe4 dxe4 17.Nd2 e5 18.d5 c5 19.b4 Qa6 20.Qb2 Bf8 21.bxc5 Bxc5 22.Bxc5 Nxc5
23.Nb3 Qd6 24.Nxc5 Qxc5 25.d6 Be6 26.Qxb7 Rab8 27.Qa6 Red8 28.d7 Kf7 29.h4 Rb2
30.h5 Rxe2 31.hxg6+ Ke7 32.Rd5 Qb4 33.c5 Re1 34.Rxe5 Rxf1+ 35.Kh2 Kxd7 36.g7 Bg8
37.Qd6+ Kc8 38.Qc6+ Kb8 39.Re7 Rc8 40.Qa6 Rxc5 41.Qxa7+  1-0

[Event "25th Politiken Cup"]
[Site "Copenhagen DEN"]
[Date "2003.07.22"]
[Round "8"]
[White "Nielsen,PH"]
[Black "Sasikiran,K"]
[Result "0-1"]
[WhiteElo "2636"]
[BlackElo "2654"]

1.d4 Nf6 2.c4 e6 3.Nf3 b6 4.g3 Ba6 5.Qb3 Nc6 6.Nbd2 Bb7 7.e4 d5 8.cxd5 exd5
9.e5 Ne4 10.Bd3 Bb4 11.O-O Bxd2 12.Bxd2 O-O 13.Qc2 f5 14.Bb5 Ne7 15.b4 c6
16.Be2 Ng6 17.a4 Rc8 18.Qb2 Rc7 19.b5 c5 20.dxc5 Nxd2 21.Nxd2 bxc5 22.f4 Re8
23.Rfd1 Nf8 24.Nc4 Rd7 25.Nd6 Rxd6 26.exd6 Qxd6 27.Bf3 Nd7 28.Qc2 g6 29.Rac1 Kf7
30.a5 Rc8 31.Qb3 Nf6 32.b6 a6 33.Qe3 c4 34.Qd4 Qb4 35.Ra1 Qb3 36.Bg2 c3 37.Rab1 Qa3
38.Ra1 Qf8 39.Bf1 Ne4 40.Bd3 Qc5 41.Bxe4 fxe4 42.Qxc5 Rxc5 43.Ra4 Ke6 44.Kf2 Kd6
45.Ke3 Kc6 46.Kd4 Kb5 47.Rb1+ Kxa4 48.Kxc5 c2 49.Rg1 Kb3 50.g4 Kc3 51.f5 d4
52.f6 d3 53.f7 d2 54.f8=Q c1=Q  0-1

[Event "25th Politiken Cup"]
[Site "Copenhagen DEN"]
[Date "2003.07.23"]
[Round "9"]
[White "Sasikiran,K"]
[Black "Sakaev,K"]
[Result "1-0"]
[WhiteElo "2654"]
[BlackElo "2655"]

1.d4 d5 2.c4 c6 3.Nf3 Nf6 4.e3 a6 5.Nc3 b5 6.b3 Bg4 7.Be2 e6 8.O-O Nbd7 9.Bb2 Bd6
10.h3 Bh5 11.Ne5 Bxe2 12.Nxe2 Qc7 13.cxd5 cxd5 14.Rc1 Qb8 15.Nxd7 Nxd7 16.e4 dxe4
17.d5 O-O 18.dxe6 Nc5 19.Nf4 fxe6 20.Qg4 e5 21.Ne6 Nxe6 22.Qxe6+ Kh8 23.Rc6 Bc7
24.Rfc1 Qa7 25.R1c2 Ba5 26.Qxe5 Rae8 27.Rxa6  1-0

[Event "1st Samba Cup"]
[Site "Skanderborg DEN"]
[Date "2003.10.10"]
[Round "1"]
[White "Sasikiran,K"]
[Black "Palo,D"]
[Result "1/2-1/2"]
[WhiteElo "2679"]
[BlackElo "2510"]

1.d4 Nf6 2.c4 e6 3.Nc3 Bb4 4.Qc2 c5 5.dxc5 O-O 6.a3 Bxc5 7.Nf3 b6 8.Bf4 Bb7
9.Rd1 Nc6 10.e3 Nh5 11.Bg3 f5 12.Be2 a6 13.Bh4 Be7 14.Bxe7 Nxe7 15.Nd4 Qe8
16.Bf3 Rb8 17.O-O Nf6 18.Bxb7 Rxb7 19.Qa4 Qa8 20.Qb4 Re8 21.Rd2 Qc8 22.f3 Rc7
23.Na4 Rxc4 24.Nxb6 Rxb4 25.Nxc8 Rb8 26.Nd6 Rf8 27.Rc1 Nc8 28.Nc4 Nb6 29.Nxb6 Rxb6
30.b4 Rd6 31.Rc5 Re8 32.Kf2 e5 33.Nb3 Rxd2+ 34.Nxd2 Re6 35.Nb3 f4 36.e4 d5
37.exd5 Rd6 38.Rc6 Rxd5 39.Ke2 e4 40.Nc5 Rg5 41.fxe4 Rxg2+ 42.Kf3 Rxh2 43.Rxa6 h5
44.Ne6 Rh3+ 45.Kxf4 Rh4+ 46.Kf5 Nxe4 47.b5 Rg4 48.b6 Nd6+ 49.Ke5 Nc4+ 50.Kd5 Nxb6+
51.Rxb6 Rg3 52.Rb8+ Kh7 53.a4 h4 54.Rb2 h3 55.Ra2 g5 56.a5 Kg6 57.Nd4 Re3
58.a6 Re8 59.Kc6 g4 60.Ne2 h2 61.Ng3 Re3 62.Nh1 Re6+ 63.Kc5 Re5+ 64.Kd4 Re1
65.a7 Rxh1 66.a8=Q Rd1+ 67.Ke5 h1=Q 68.Ra6+ Kg5 69.Qg8+ Kh4 70.Rh6+ Kg3 71.Rxh1 Rxh1
72.Qb8 Rf1 73.Ke4+ Kg2 74.Qb2+ Rf2 75.Qb7 g3 76.Kd3+ Kg1 77.Qb1+ Kg2 78.Ke3 Rf3+
79.Ke4 Rf2 80.Ke3 Rf3+ 81.Ke4 Rf2 82.Qd3 Kh2 83.Qe3 Kg2 84.Qe1 Kh2 85.Qe3 Kg2
86.Qb6 Kh2 87.Qh6+ Kg2 88.Qc6 Kh2 89.Qc5 Kg2 90.Qd5 Kh2 91.Qh5+ Kg2 92.Ke3 Rf1
93.Qd5+ Kg1 94.Qd4 Rf2 95.Qh4 Kg2 96.Qe4+ Kg1 97.Qb1+ Kg2 98.Qb7+ Kg1 99.Qb1+ Kg2
100.Qe4+ Kg1 101.Qh4 Kg2 102.Qe4+ Kg1 103.Qb1+ Kg2 104.Qe4+  1/2-1/2

[Event "1st Samba Cup"]
[Site "Skanderborg DEN"]
[Date "2003.10.13"]
[Round "4"]
[White "Sadvakasov,D"]
[Black "Sasikiran,K"]
[Result "1/2-1/2"]
[WhiteElo "2595"]
[BlackElo "2679"]

1.e4 e5 2.Nf3 Nc6 3.Bb5 a6 4.Ba4 Nf6 5.O-O Be7 6.Re1 b5 7.Bb3 d6 8.c3 O-O
9.h3 Nb8 10.d4 Nbd7 11.Nbd2 Bb7 12.Bc2 Re8 13.Nf1 Bf8 14.Bg5 h6 15.Bh4 Qb8
16.dxe5 dxe5 17.N3h2 Re6 18.Qf3 Qe8 19.Rad1 a5 20.Ng4 Nxg4 21.hxg4 a4 22.Ne3 Nc5
23.Nd5 Bd6 24.b4 axb3 25.axb3 Ra3 26.b4 Na4 27.Ra1 Rxa1 28.Rxa1 c6 29.Bxa4 bxa4
30.Nb6 c5 31.Nxa4 cxb4 32.cxb4 Qb5 33.Nc5 Bxc5 34.bxc5 Qxc5 35.Rb1 Rb6 36.Rxb6 Qxb6
37.Qd3 f6 38.Qd1  1/2-1/2

[Event "Open"]
[Site "Bastia FRA"]
[Date "2003.10.30"]
[Round "5"]
[White "Sasikiran,K"]
[Black "Oratovsky,M"]
[Result "1-0"]
[WhiteElo "2679"]
[BlackElo "2557"]

1.Nf3 d6 2.d4 g6 3.c3 Bg7 4.Bg5 Nf6 5.Nbd2 O-O 6.e4 c5 7.dxc5 dxc5 8.Bc4 Nc6
9.O-O h6 10.Bh4 Nh5 11.Re1 Bg4 12.Qc2 Qc7 13.a4 Rad8 14.Re3 Ne5 15.Nxe5 Bxe5
16.Bg3 Nxg3 17.hxg3 g5 18.Nf1 Bh5 19.Ree1 e6 20.Ne3 Bg6 21.Qe2 Bg7 22.Bd3 Rd7
23.Rad1 Rfd8 24.Bc2 Rxd1 25.Rxd1 Rxd1+ 26.Qxd1 Kf8 27.Qd2 Ke7 28.f4 Qd7 29.Qf2 f6
30.f5 exf5 31.e5 fxe5 32.Bxf5 Bxf5 33.Nxf5+ Ke6 34.Ne3 Qd3 35.Qf3 h5 36.Kh2 g4
37.Qxb7 Qxe3 38.Qxg7 e4 39.Qxa7 Qd2 40.Qb6+ Kd7 41.Qb7+ Kd6 42.Qxe4 Qxb2
43.Qd3+ Kc7 44.Qc4 Kb6 45.a5+ Kc6 46.Qe4+ Kc7 47.Qe7+ Kc6 48.a6 Qb6 49.a7 Kd5
50.Qe5+  1-0

[Event "Open"]
[Site "Bastia FRA"]
[Date "2003.10.31"]
[Round "8"]
[White "Blatny,P"]
[Black "Sasikiran,K"]
[Result "0-1"]
[WhiteElo "2494"]
[BlackElo "2679"]

1.e3 d5 2.b3 Nf6 3.Bb2 c6 4.g3 Bg4 5.f3 Bh5 6.Bg2 e6 7.Ne2 Nbd7 8.h4 Bg6
9.g4 h5 10.g5 Ng8 11.f4 Ne7 12.Ng3 Qc7 13.Nc3 Nf5 14.Nce2 e5 15.Nxf5 Bxf5
16.Bf3 g6 17.Ng3 Be6 18.f5 gxf5 19.Bxh5 Bg7 20.Kf2 O-O-O 21.Be2 d4 22.exd4 exd4
23.Bf3 Be5 24.Nh5 d3 25.Bxe5 Nxe5 26.c4 Rd4 27.Rc1 Ng4+ 28.Kg2 Rxh5 29.Rc3 Rh8
30.Qe1 Ne5 31.Bd1 f4 32.Qf2 f3+ 33.Kf1 c5 34.h5 Ng4 35.Qg1 Qf4  0-1

[Event "Open"]
[Site "Bastia FRA"]
[Date "2003.10.31"]
[Round "9"]
[White "Sasikiran,K"]
[Black "Tkachiev,V"]
[Result "1-0"]
[WhiteElo "2679"]
[BlackElo "2645"]

1.Nf3 d5 2.d4 e6 3.c4 dxc4 4.e3 Nf6 5.Bxc4 a6 6.O-O c5 7.Bb3 b5 8.a4 b4 9.Nbd2 Be7
10.e4 cxd4 11.e5 Nfd7 12.Ne4 Nc6 13.Bf4 Bb7 14.Re1 Qa5 15.Nd6+ Bxd6 16.exd6 Qf5
17.Bg3 d3 18.Bc4 O-O 19.Bxd3 Qa5 20.Rc1 Rac8 21.h4 Rfd8 22.Ng5 h6 23.Rxc6 Bxc6
24.Qh5 Nf6 25.Qxf7+ Kh8 26.Nxe6 Rd7 27.Qg6 b3 28.f3 Re8 29.Kh2 Bd5 30.Nxg7 Rxe1
31.Qxf6 Rxg7 32.d7 Re7 33.Qf8+ Bg8 34.d8=Q  1-0

[Event "ch-Commonwealth"]
[Site "Mumbai IND"]
[Date "2004.01.11"]
[Round "2"]
[White "Sasikiran,K"]
[Black "Venkatesh,M"]
[Result "1-0"]
[WhiteElo "2654"]
[BlackElo "2392"]

1.d4 Nf6 2.c4 e6 3.Nc3 Bb4 4.Qc2 O-O 5.a3 Bxc3+ 6.Qxc3 b6 7.Bg5 Ba6 8.e3 d6
9.Bd3 Nbd7 10.Ne2 c5 11.Qc2 h6 12.Bh4 cxd4 13.exd4 Rc8 14.Qa4 Nb8 15.Rd1 Qd7
16.Qb3 d5 17.c5 Ne8 18.Bxa6 Nxa6 19.Qd3 Nec7 20.b4 e5 21.c6 Qxc6 22.dxe5 Rfe8
23.f4 f6 24.Bxf6 gxf6 25.Qg6+ Kf8 26.Qxh6+ Kf7 27.Qh7+ Kf8 28.Rd3 Qe6 29.Rg3 Qf7
30.Qh6+  1-0

[Event "ch-Commonwealth"]
[Site "Mumbai IND"]
[Date "2004.01.13"]
[Round "4"]
[White "Harikrishna,P"]
[Black "Sasikiran,K"]
[Result "1/2-1/2"]
[WhiteElo "2582"]
[BlackElo "2654"]

1.d4 Nf6 2.Nf3 g6 3.Nc3 d5 4.Bf4 Bg7 5.Qd2 O-O 6.Bh6 Qd6 7.Bxg7 Kxg7 8.e3 c6
9.Be2 Nbd7 10.O-O Re8 11.Rfd1 b6 12.Bd3 Bb7 13.Ne2 e5 14.dxe5 Nxe5 15.Nxe5 Qxe5
16.Qc3 Qe7 17.Nf4 Kg8 18.b4 Rad8 19.Rab1 Qd6 20.Be2 Ne4 21.Qb2 Qe7 22.Bf3 Ng5
23.Be2 Ne4 24.Bf3  1/2-1/2

[Event "ch-Commonwealth"]
[Site "Mumbai IND"]
[Date "2004.01.14"]
[Round "5"]
[White "Sasikiran,K"]
[Black "Himanshu,Sh"]
[Result "1-0"]
[WhiteElo "2654"]
[BlackElo "2380"]

1.d4 Nf6 2.c4 e6 3.Nc3 d5 4.Bg5 Be7 5.e3 O-O 6.Nf3 Nbd7 7.Rc1 c6 8.Qc2 a6
9.a3 h6 10.Bh4 Re8 11.cxd5 exd5 12.Bd3 Ne4 13.Bxe7 Qxe7 14.O-O Ndf6 15.Na4 Be6
16.Ne5 Rac8 17.f3 Nd6 18.Nc5 Nd7 19.b4 Qd8 20.f4 Nf6 21.a4 Rc7 22.h3 Bc8
23.a5 Nfe4 24.Bxe4 Nxe4 25.Nxe4 Bf5 26.Qd2 Bxe4 27.f5 Qg5 28.Rf4 f6 29.Nf3 Bxf3
30.Rxf3 Rce7 31.Rc3 Re4 32.Qf2 Kh7 33.Kh2 R8e7 34.Rd3 Re8 35.Rg3 Qh5 36.Rg6 Rh4
37.Kg1 Rhe4 38.Kh2 Rh4 39.Rc3 Re7 40.Rc1 Kh8 41.Rh1 Ree4 42.Qg3 Qxf5 43.Rxg7 Re8
44.Rxb7 Qg5 45.Rf1 Rhe4 46.Qc7 R8e7 47.Qd8+ Re8 48.Qxf6+ Qxf6 49.Rxf6 R4e6
50.Rxe6 Rxe6 51.Rb6 Kg7 52.Rxa6  1-0

[Event "ch-Commonwealth"]
[Site "Mumbai IND"]
[Date "2004.01.15"]
[Round "6"]
[White "Sasikiran,K"]
[Black "Thipsay,P"]
[Result "0-1"]
[WhiteElo "2654"]
[BlackElo "2486"]

1.d4 Nf6 2.c4 g6 3.Nc3 Bg7 4.e4 d6 5.f3 O-O 6.Be3 e5 7.Nge2 c6 8.Qd2 Nbd7
9.O-O-O a6 10.Kb1 b5 11.c5 b4 12.Na4 Qa5 13.Qc2 d5 14.dxe5 Nxe5 15.Nb6 dxe4
16.Nxa8 Be6 17.Nc1 Rxa8 18.Nb3 Qc7 19.Nd4 Bd5 20.Be2 a5 21.Rhe1 a4 22.Qc1 Nfd7
23.f4 Nd3 24.Bxd3 exd3 25.Bg1 a3 26.b3 Nf6 27.g3 Qa5 28.Rxd3 Be4 29.Qc2 Qa6
30.Rxe4 Nxe4 31.Ne2 Re8 32.Be3 h5 33.f5 g5 34.h3 Qc8 35.g4 Qc7 36.Bd4 Qh2
37.Bxg7 Kxg7 38.gxh5 Nxc5 39.Qxc5 Qxe2 40.Qd4+ Kh7 41.h6 Qf1+ 42.Rd1 Qxf5+
43.Kc1 Re5 44.Rd3 Kxh6 45.Qxb4 Qxd3 46.Qf8+ Kg6 47.Qg8+ Kf6 48.Qh8+ Ke6 49.Qe8+ Kf5
50.Qxf7+ Ke4  0-1

[Event "ch-Commonwealth"]
[Site "Mumbai IND"]
[Date "2004.01.17"]
[Round "8"]
[White "Palit,S"]
[Black "Sasikiran,K"]
[Result "0-1"]
[WhiteElo "2348"]
[BlackElo "2654"]

1.e4 c6 2.d4 d5 3.Nc3 dxe4 4.Nxe4 Nd7 5.Nf3 Ngf6 6.Ng3 e6 7.Bd3 c5 8.c3 cxd4
9.Nxd4 Bc5 10.O-O O-O 11.Ne4 Nxe4 12.Bxe4 Nf6 13.Bc2 Bxd4 14.Qxd4 Qxd4 15.cxd4 Bd7
16.Be3 Bc6 17.Rac1 a5 18.Bd3 a4 19.a3 Rfd8 20.Rc5 h6 21.Rfc1 Nd5 22.Be2 Rd7
23.h3 Ne7 24.Bd3 f6 25.g4 Kf7 26.Kh2 Nd5 27.Kg3 Rh8 28.Be4 Ne7 29.Bd3 g5
30.h4 Rdd8 31.R1c4 Nd5 32.h5 Rhf8 33.Rc1 Kg7 34.Bc4 f5 35.gxf5 exf5 36.Bxd5 f4+
37.Kg4 Bxd5 38.Bd2 Be6+ 39.Kf3 Kg8 40.Bc3 Bf7 41.Kg4 Rfe8 42.Re5 Be6+ 43.Kf3 Bd5+
44.Kg4 Rxe5 45.dxe5 Kf7 46.Bb4 Bc6 47.Bd6 Ke6 48.Rc2 Ra8 49.Rc5 Bd7 50.Rc7 b5
51.Kf3 Rh8 52.Ke4 Rh7 53.Bf8 g4 54.Bd6 Rf7 55.Rc3 Rf5 56.Rc1 g3 57.fxg3 fxg3
58.Ke3 g2 59.Rg1 Bc6 60.Ke2 Rxh5 61.Kf2 Rh1 62.Bc5 h5 63.Be3 h4 64.Rc1 Bd5
65.Rg1 h3 66.Bb6 h2 67.Rxg2 Bxg2 68.Kxg2 Rb1  0-1

[Event "Aeroflot Open"]
[Site "Moscow RUS"]
[Date "2004.02.21"]
[Round "5"]
[White "Sasikiran,K"]
[Black "Lugovoi,A"]
[Result "1-0"]
[WhiteElo "2654"]
[BlackElo "2554"]

1.Nf3 d5 2.d4 e6 3.c4 c5 4.cxd5 exd5 5.g3 Nc6 6.Bg2 Nf6 7.O-O Be7 8.Nc3 O-O
9.Bg5 cxd4 10.Nxd4 h6 11.Bf4 Bg4 12.h3 Bd7 13.Kh2 Qb6 14.Be3 Qxb2 15.Nxd5 Nxd5
16.Bxd5 Rad8 17.Rb1 Qa3 18.Rxb7 Nxd4 19.Bxd4 Bxh3 20.Rxa7 Qb4 21.a3 Qb5 22.Kxh3 Qxd5
23.Rxe7 Qxd4 24.Qb3 Rd5 25.Kg2 Qc5 26.Re3 Qc6 27.Rf3 Qd7 28.Rf4 Re8 29.Qf3 Rde5
30.e3 Ra5 31.Rd1 Qa7 32.Qc6 Qa8 33.Qxa8 Rexa8 34.Rd7 f5 35.Rc4 Rxa3 36.Rcc7 g5
37.Rg7+ Kh8 38.Rh7+ Kg8 39.Rxh6 R3a6 40.Rxa6 Rxa6 41.Rc5  1-0

[Event "Aeroflot Open"]
[Site "Moscow RUS"]
[Date "2004.02.23"]
[Round "7"]
[White "Sasikiran,K"]
[Black "Markowski,T"]
[Result "1-0"]
[WhiteElo "2654"]
[BlackElo "2603"]

1.d4 d5 2.c4 dxc4 3.Nf3 Nf6 4.e3 e6 5.Bxc4 a6 6.O-O Nbd7 7.Re1 b5 8.Bd3 c5
9.a4 b4 10.Nbd2 Bb7 11.Nc4 Be7 12.e4 O-O 13.e5 Nd5 14.Bc2 Rc8 15.Qd3 g6 16.Bh6 Re8
17.a5 Qc7 18.Nfd2 b3 19.Bxb3 Nb4 20.Qg3 cxd4 21.Nd6 Bxd6 22.exd6 Qc5 23.h4 Qf5
24.Nc4 Qd3 25.Qxd3 Nxd3 26.Red1 N3c5 27.Ba2 e5 28.Bg5 Bc6 29.Nb6 Nxb6 30.axb6 Nd7
31.f4 Nxb6 32.fxe5 Rxe5 33.Rxd4 Re2 34.Rd2 Rxd2 35.Bxd2 Bb5 36.Ba5 Rc6 37.Rd1 Nd7
38.Bc3 Kf8 39.Re1 Rc5 40.g4 Bc4 41.Re7 Bxa2 42.Rxd7 Rc8 43.Ra7 Be6 44.Bf6  1-0

[Event "Dos Hermanas Internet Final"]
[Site "ICC INT"]
[Date "2004.03.13"]
[Round "2.1"]
[White "Kogan,Ar"]
[Black "Sasikiran,K"]
[Result "1-0"]
[WhiteElo "2543"]
[BlackElo "2654"]

1.d4 Nf6 2.c4 g6 3.Nc3 d5 4.Bg5 Ne4 5.Bh4 Nxc3 6.bxc3 Bg7 7.e3 c5 8.cxd5 Qxd5
9.Qf3 Qd7 10.Bc4 O-O 11.Ne2 Nc6 12.O-O Na5 13.Bd3 e5 14.Rad1 Qc7 15.Be4 Re8
16.Bd5 Be6 17.Bg3 Bxd5 18.Qxd5 Rad8 19.Qxc5 Qxc5 20.dxc5 f6 21.f4 exf4 22.Bxf4 Nc4
23.Rd4 Na5 24.Rb1 Rc8 25.Rb5 g5 26.Rxa5 gxf4 27.Nxf4 Rxe3 28.Nd5 Re1+ 29.Kf2 Rce8
30.Rxa7 R8e2+ 31.Kf3 Rb2 32.Rb4 Rf1+ 33.Kg3 Rd2 34.Rd4 Rb2 35.Nf4 Bh6 36.Ra8+  1-0

[Event "ACP Blitz Prelim1"]
[Site "playchess.com INT"]
[Date "2004.04.12"]
[Round "1"]
[White "Sasikiran,K"]
[Black "Karjakin,Sergey"]
[Result "1-0"]
[WhiteElo "2659"]
[BlackElo "2580"]

1.Nf3 d5 2.d4 Nf6 3.c4 c6 4.e3 a6 5.Nc3 b5 6.b3 Bg4 7.Be2 e6 8.h3 Bf5 9.O-O Nbd7
10.Bd3 Bg6 11.Bb2 Be7 12.Qc2 O-O 13.Rac1 Qa5 14.a3 Rfc8 15.e4 bxc4 16.bxc4 Rab8
17.Rb1 Nb6 18.c5 dxe4 19.Nxe4 Nbd5 20.Ne5 Bxe4 21.Bxe4 Nxe4 22.Qxe4 Bf6 23.Nc4 Qa4
24.Nd6 Rf8 25.Rfc1 Rb3 26.Qc2 Rfb8 27.Nc4 h5 28.Nd2 Bg5 29.Nxb3 Rxb3 30.Rd1 g6
31.Bc1 Rxa3 32.Qxa4 Rxa4 33.Bxg5 Nc3 34.Rb8+ Kg7 35.Re1 Rxd4 36.Re3 Rd1+
37.Kh2 Nd5 38.Rf3 f5 39.Rb7+ Kg8 40.Rfb3 a5 41.Rd7  1-0